Nejen hardware a software, ale i humanware.

Elektronizácia má psychické a sociálne dôsledky, pôsobí na správanie sa ľudí, na ich zdravotný stav a spôsob života. Odraz týchto stránok elektronizácie v pojme humanware.

Salvato in:
Dettagli Bibliografici
Autore principale: Rašek, A.
Natura: Capitolo di libro
Lingua:ceco
Soggetti:
Tags: Aggiungi Tag
Nessun Tag, puoi essere il primo ad aggiungerne!!

MARC

LEADER 00000naa a2200000 4500
001 r010235
005 20220831084526.5
041 0 |a cze 
044 |a [CS] 
245 1 0 |a Nejen hardware a software, ale i humanware.  |c A. Rašek 
520 |a Elektronizácia má psychické a sociálne dôsledky, pôsobí na správanie sa ľudí, na ich zdravotný stav a spôsob života. Odraz týchto stránok elektronizácie v pojme humanware. 
610 2 0 |a elektronizácia 
610 2 0 |a ergonómia 
610 2 0 |a humanware 
610 2 0 |a hardvér 
610 2 0 |a softvér 
610 2 0 |a AIP 
100 1 |a Rašek, A.